Marx and Marxism /

Bibliografische gegevens
Hoofdauteur: Worsley, Peter
Formaat: Boek
Taal:English
Gepubliceerd in: Chichester : London ; New York : E. Horwood ; Routledge, 2002 [reprinted 2007].
Editie:Rev. ed.
Reeks:Key sociologists.
Onderwerpen:
Classic Catalogue: View this record in Classic Catalogue
LEADER 01297nam a2200313 a 4500
001 0017153
003 BD-DhAAL
008 090713r20072002enk b 001 0 eng d
010 |a \\\81006848  
020 |a 0853123756 (pbk.) 
020 |a 0853123489 (hard) :  |c £6.50 
020 |a 0415285372 
040 |a DLC  |c DLC  |d DLC  |d BD-DhAAL 
082 0 0 |a 335.40924  |2 21 
100 1 |a Worsley, Peter.  |9 58293 
245 1 0 |a Marx and Marxism /  |c Peter Worsley. 
250 |a Rev. ed. 
260 |a Chichester :  |b E. Horwood ;  |a London ;  |a New York :  |b Routledge,  |c 2002 [reprinted 2007]. 
300 |a 121 p. ;  |c 20 cm 
490 0 |a Key sociologists. 
504 |a Includes bibliographical references (p. [111]-113) and index. 
526 |a ENH  |x Prof. Syed Manzoorul Islam Faculty Member of BRAC University 
541 1 |e 00017153  |a Friends' Book Corner 
600 1 0 |a Marx, Karl,  |d 1818-1883. 
650 0 |a Communism  |x History.  |9 58294 
852 4 |a Ayesha Abed Library  |c General Stacks 
942 |2 ddc  |c BK 
999 |c 2314  |d 2314 
952 |0 0  |1 0  |2 ddc  |4 0  |6 335_409240000000000_WOR_2007  |7 0  |9 2137  |a BRACUL  |b BRACUL  |c GEN  |d 2009-07-13  |e Friends' Book Corner  |g 340.00  |l 9  |m 44  |o 335.40924 WOR  |p 3010017153  |r 2026-03-29  |s 2026-02-22  |t 1  |v 680.00  |w 2009-07-13  |y BK  |x Requisitioned by Prof. Syed Manzoorul Islam (Faculty Member of BRAC University).